000 00668nam a2200205 i 4500
001 42500
003 ES-MaACL
005 20250827062600.0
007 t|
008 030402s1860 sp ||||1| spa d
110 1 _aEspaña
_93622
240 0 _aTratados, etc. Holanda, 1860
245 1 0 _aConvenio para la recíproca extradición de malhechores entre España y los Paises-Bajos, firmado en el Haya el 5 de Noviembre de 1860.
260 _a[S.l. :
_bs.n.,
_c1860]
300 _a8 p. ;
_c27 cm.
500 _aEjemplar sin port., datos tomados de la p. 1.
500 _aTexto en castellano y francés.
852 _aES-MaACL
_jT-500-F-22
999 _c42500
_d42500